Foundations of parasitology / (Record no. 18423)
[ view plain ]
| 000 -LEADER | |
|---|---|
| fixed length control field | 01431aam a2200373 i 4500 |
| 001 - CONTROL NUMBER | |
| control field | 016425731 |
| 003 - CONTROL NUMBER IDENTIFIER | |
| control field | EG-ScBUE |
| 005 - DATE AND TIME OF LATEST TRANSACTION | |
| control field | 20260330093338.0 |
| 008 - FIXED-LENGTH DATA ELEMENTS--GENERAL INFORMATION | |
| fixed length control field | 131206s2013 nyua f bd 001 0 eng d |
| 020 ## - INTERNATIONAL STANDARD BOOK NUMBER | |
| International Standard Book Number | 9780071326414 |
| 020 ## - INTERNATIONAL STANDARD BOOK NUMBER | |
| International Standard Book Number | 0071326413 |
| 035 ## - SYSTEM CONTROL NUMBER | |
| System control number | (StEdNL)5115923 |
| 040 ## - CATALOGING SOURCE | |
| Original cataloging agency | EG-ScBUE |
| Language of cataloging | eng |
| Description conventions | rda |
| Transcribing agency | EG-ScBUE |
| Modifying agency | EG-ScBUE |
| 082 04 - DEWEY DECIMAL CLASSIFICATION NUMBER | |
| Classification number | 591.7857 |
| Item number | ROB |
| Edition number | 22 |
| 100 1# - MAIN ENTRY--PERSONAL NAME | |
| Personal name | Roberts, Larry S., |
| Dates associated with a name | 1935- |
| 9 (RLIN) | 30106 |
| Relator term | author. |
| 245 10 - TITLE STATEMENT | |
| Title | Foundations of parasitology / |
| Statement of responsibility, etc | Larry S. Roberts, Texas Tech University Emeritus, John Janovy, Jr., University of Nebraska-Lincoln, Steve Nadler, University of California, Davis. |
| 246 33 - VARYING FORM OF TITLE | |
| Title proper/short title | Gerald D. Schmidt and Larry S. Roberts' foundations of parasitology |
| 250 ## - EDITION STATEMENT | |
| Edition statement | Ninth edition. |
| 250 ## - EDITION STATEMENT | |
| Edition statement | International student edition. |
| 264 #1 - PUBLICATION, DISTRIBUTION, ETC. (IMPRINT) | |
| Place of publication, distribution, etc | New York, NY : |
| Name of publisher, distributor, etc | McGraw Hill, |
| Date of publication, distribution, etc | 2013. |
| 300 ## - PHYSICAL DESCRIPTION | |
| Extent | xvii, 670 pages : |
| Other physical details | illustrations ; |
| Dimensions | 28 cm |
| 336 ## - CONTENT TYPE | |
| Source | rdacontent |
| Content type term | text |
| Content type code | txt |
| 337 ## - MEDIA TYPE | |
| Media type term | unmediated |
| Source | rdamedia |
| Media type code | n |
| 338 ## - CARRIER TYPE | |
| Carrier type term | volume |
| Carrier type code | nc |
| Source | rdacarrier |
| 500 ## - GENERAL NOTE | |
| General note | This international student edition is for use outside the U.S. |
| 500 ## - GENERAL NOTE | |
| General note | Includes glossary.<br/> |
| 504 ## - BIBLIOGRAPHY, ETC. NOTE | |
| Bibliography, etc | Includes bibliographical references and index.<br/> |
| 650 #7 - SUBJECT ADDED ENTRY--TOPICAL TERM | |
| Topical term or geographic name as entry element | Parasitology |
| Form subdivision | Textbooks. |
| 9 (RLIN) | 36124 |
| Source of heading or term | BUEsh |
| 653 ## - INDEX TERM--UNCONTROLLED | |
| Resource For college | Pharmacy |
| Arrived date list | September2014 |
| 655 ## - INDEX TERM--GENRE/FORM | |
| Form subdivision | Reading book |
| 700 1# - ADDED ENTRY--PERSONAL NAME | |
| Personal name | Janovy, John, |
| Titles and other words associated with a name | Jr., |
| Dates associated with a name | 1937- |
| 9 (RLIN) | 36125 |
| Relator term | author. |
| 700 1# - ADDED ENTRY--PERSONAL NAME | |
| Personal name | Nadler, Steve, |
| 9 (RLIN) | 36126 |
| Relator term | author. |
| 942 ## - ADDED ENTRY ELEMENTS (KOHA) | |
| Source of classification or shelving scheme | Dewey Decimal Classification |
| Koha item type | Book - Borrowing |
| Withdrawn status | Lost status | Source of classification or shelving scheme | Damaged status | Not for loan | Collection code | Home library | Current library | Shelving location | Date acquired | Source of acquisition | Cost, normal purchase price | Total Checkouts | Full call number | Barcode | Date last seen | Cost, replacement price | Koha item type | Total Renewals | Checked out | Date checked out | Price effective from |
|---|---|---|---|---|---|---|---|---|---|---|---|---|---|---|---|---|---|---|---|---|---|
| Dewey Decimal Classification | Baccah | Central Library | Central Library | First floor | 30/09/2014 | 260.00 | 591.7857 ROB | 000036450 | 15/07/2025 | 325.00 | NB - Book (Non borrowing) | ||||||||||
| Dewey Decimal Classification | Baccah | Central Library | Central Library | First floor | 30/09/2014 | 260.00 | 1 | 591.7857 ROB | 000036451 | 06/11/2014 | 325.00 | Book - Borrowing | 4 | 01/11/2023 | 06/11/2014 | ||||||
| Dewey Decimal Classification | Baccah | Central Library | Central Library | First floor | 30/09/2014 | 260.00 | 591.7857 ROB | 000036452 | 15/07/2025 | 325.00 | Book - Borrowing | ||||||||||
| Dewey Decimal Classification | Baccah | Central Library | Central Library | First floor | 30/09/2014 | 260.00 | 591.7857 ROB | 000036453 | 15/07/2025 | 325.00 | Book - Borrowing | ||||||||||
| Dewey Decimal Classification | Baccah | Central Library | Central Library | First floor | 30/09/2014 | 260.00 | 591.7857 ROB | 000036454 | 15/07/2025 | 325.00 | Book - Borrowing | ||||||||||
| Dewey Decimal Classification | Baccah | Central Library | Central Library | First floor | 30/09/2014 | 2 | 591.7857 ROB | 000036455 | 15/07/2025 | Book - Borrowing | 11 | 28/03/2016 | |||||||||
| Dewey Decimal Classification | Baccah | Central Library | Central Library | First floor | 30/09/2014 | 1 | 591.7857 ROB | 000036456 | 15/07/2025 | Book - Borrowing | 1 | 17/11/2015 | 30/09/2014 | ||||||||
| Dewey Decimal Classification | Baccah | Central Library | Central Library | First floor | 30/09/2014 | 591.7857 ROB | 000036457 | 15/07/2025 | Book - Borrowing | 30/09/2014 |